| 000 | 00688nam a22002177a 4500 | ||
|---|---|---|---|
| 003 | MX-MxUPN | ||
| 005 | 20260328064232.0 | ||
| 008 | 260327s1981 mx|a||||r|||| 000 j spa d | ||
| 040 |
_aMX-MxUPN _bspa |
||
| 041 | 1 |
_aspa _aeng |
|
| 050 | 4 |
_aF1435.3 F6 _bE88 1981 |
|
| 100 | 1 |
_aEstrada Camara, Ruben _959196 |
|
| 245 | 1 | 0 |
_aCeremonias y leyendas mayas = _bMaya ceremonies and legends |
| 250 | _aSegunda edición | ||
| 260 |
_aMérida, Yucatán : _bFondo Editorial de Yucatán, _c1981 |
||
| 300 |
_a53 páginas : _bilustraciones |
||
| 650 | 4 |
_aMayas _xLeyendas _916736 |
|
| 650 | 4 |
_aMayas _xVida social y costumbres _912451 |
|
| 902 | _bVíctorGodínez/270326 | ||
| 942 |
_2lcc _cFOLL |
||
| 999 |
_c214905 _d214905 |
||